000 00331nam a2200157Ia 4500
003 OSt
005 20231120063357.0
008 170524s9999 xx 000 0 und d
020 _a1-85076-956-7
040 _cIIMT
100 _aSpieles-Marlena
245 0 _aOlia di oliva
260 _bApple
260 _c1998
942 _2ddc
_c02
999 _c7076
_d7076